|
|
|
|
| LEADER |
01910nam a22004095i 4500 |
| 001 |
37156 |
| 003 |
BD-DhAAL |
| 005 |
20200303162107.0 |
| 008 |
200303t2020 ii a b 001 0 eng d |
| 999 |
|
|
|c 42194
|d 42194
|
| 010 |
|
|
|a 2020325015
|
| 020 |
|
|
|a 9780190121112
|
| 020 |
|
|
|a 0190121114
|
| 020 |
|
|
|a 9780190991241
|
| 020 |
|
|
|a 0190991240
|
| 025 |
|
|
|a I-E-2020325015 ; 79-10
|
| 037 |
|
|
|b Library of Congress -- New Delhi Overseas Office
|
| 040 |
|
|
|a DLC
|b eng
|e rda
|c DLC
|d BD-DhAAL
|
| 042 |
|
|
|a lcode
|
| 082 |
|
|
|a 307.760954922
|
| 100 |
|
|
|a Afsar, Rita
|9 39751
|
| 245 |
0 |
0 |
|a Dhaka's changing landscape :
|b prospects for economic development, social change, and shared prosperity /
|c Rita Afsar, Mahabub Hossain.
|
| 246 |
|
|
|a Dhaka's changing landscape
|
| 260 |
|
|
|a New Delhi, India :
|b Oxford University Press,
|c 2020
|
| 300 |
|
|
|a xxxv, 364 pages :
|b illustrations ;
|c 23 cm.
|
| 504 |
|
|
|a Includes bibliographical references and index.
|
| 526 |
|
|
|a AAL
|
| 541 |
|
|
|a Trim Education
|e 37156, 37157, 37158
|
| 650 |
|
|
|a Urbanization
|z Bangladesh
|z Dhaka.
|9 39752
|
| 650 |
|
|
|a Economic development
|z Bangladesh
|z Dhaka.
|9 39753
|
| 651 |
|
|
|a Dhaka (Bangladesh)
|x Economic conditions.
|9 39754
|
| 700 |
|
|
|a Hossain, Mahabub
|9 39755
|
| 852 |
|
|
|a Ayesha Abed Library
|c General Stacks
|
| 942 |
|
|
|2 ddc
|c BK
|
| 952 |
|
|
|0 0
|1 0
|2 ddc
|4 0
|6 307_760954922000000_AFS
|7 0
|9 68031
|a BRACUL
|b BRACUL
|c GEN
|d 2020-02-27
|e Trim Education
|g 2495.00
|l 1
|o 307.760954922 AFS
|p 3010037158
|r 2025-01-05
|s 2024-12-24
|t 3
|v 2495.00
|w 2020-02-27
|y BK
|
| 952 |
|
|
|0 0
|1 0
|2 ddc
|4 0
|6 307_760954922000000_AFS
|7 0
|9 68032
|a BRACUL
|b BRACUL
|c GEN
|d 2020-02-27
|e Trim Education
|g 2495.00
|l 0
|o 307.760954922 AFS
|p 3010037156
|r 2020-02-27
|t 1
|v 2495.00
|w 2020-02-27
|y BK
|
| 952 |
|
|
|0 0
|1 0
|2 ddc
|4 0
|6 307_760954922000000_AFS
|7 0
|9 68033
|a BRACUL
|b BRACUL
|c GEN
|d 2020-02-27
|e Trim Education
|g 2495.00
|l 0
|o 307.760954922 AFS
|p 3010037157
|r 2020-02-27
|t 2
|v 2495.00
|w 2020-02-27
|y BK
|